| 000 | 00397 a2200157 4500 | ||
|---|---|---|---|
| 001 | 39158 | ||
| 082 | _a512FIS | ||
| 090 |
_c24655 _d24655 |
||
| 100 | _aFisher, Robert C. | ||
| 245 |
_aIntegrated Algebra and Trigonometry _cFisher, Robert C. |
||
| 250 | _a1 | ||
| 260 |
_aUSA _bPrentice Hall _c1957 |
||
| 300 |
_a427 p. _bphotocopy |
||
| 500 | _aBE textbook H & S dept | ||
| 600 | _aAllen D Ziebur | ||
| 942 |
_aNUST-CAE _k512FIS |
||
| 999 |
_c274231 _d274231 |
||